[Event "Bay Area International"]
[Site "?"]
[Date "2014.01.03"]
[Round "2"]
[White "Byambaa, Uyanga"]
[Black "Manvelyan, Hayk"]
[Result "1/2-1/2"]
[WhiteElo "2028"]
[BlackElo "2282"]
[PlyCount "53"]
[EventDate "2014.??.??"]

1. e4 c6 2. d4 g6 3. Nf3 Bg7 4. Bd3 d6 5. h3 Nd7 6. O-O e5 7. c3 Ngf6 8. Nbd2
O-O 9. Nc4 exd4 10. Nxd6 dxc3 11. bxc3 Ne8 12. Nxc8 Rxc8 13. Ba3 c5 14. Bb5 Rc7
15. e5 a6 16. Ba4 b5 17. Bb3 a5 18. Rb1 b4 19. Bb2 Qe7 20. Re1 c4 21. Ba4 Nc5
22. cxb4 axb4 23. Bd4 Nd3 24. Re2 Rc8 25. Bb5 Nf4 26. Rc2 c3 27. Qf1 1/2-1/2

[Event "Bay Area International"]
[Site "?"]
[Date "2014.01.03"]
[Round "2"]
[White "Chen, Wang"]
[Black "Xiong, Jeffery"]
[Result "1-0"]
[WhiteElo "2507"]
[BlackElo "2331"]
[PlyCount "81"]
[EventDate "2014.??.??"]

1. e4 c6 2. Nc3 d5 3. Nf3 Bg4 4. h3 Bxf3 5. Qxf3 e6 6. d4 dxe4 7. Qxe4 Nf6 8.
Qd3 Bd6 9. g3 O-O 10. Bg2 Nbd7 11. O-O Qc7 12. b3 Rad8 13. Bb2 a6 14. Rad1 c5
15. d5 Rfe8 16. dxe6 Rxe6 17. Nd5 Qb8 18. Rfe1 Rde8 19. Rxe6 Rxe6 20. f4 Qe8
21. Kh2 Nxd5 22. Qxd5 b5 23. Qc6 Qe7 24. Be5 Bxe5 25. Rxd7 Qe8 26. Qd5 Bf6 27.
Ra7 Qf8 28. Ra8 Re8 29. Rxa6 Rd8 30. Qc6 b4 31. Ra7 Rd2 32. h4 h5 33. Kh3 Kh7
34. Be4+ Kh6 35. Bd5 Qd8 36. Bxf7 Qd4 37. Qf3 g6 38. Bxg6 Kxg6 39. f5+ Kh6 40.
Qxh5+ Kxh5 41. Rh7# 1-0

[Event "Bay Area International"]
[Site "?"]
[Date "2014.01.03"]
[Round "2"]
[White "de Guzman, Ricardo"]
[Black "Yanayt, Eugene"]
[Result "1-0"]
[WhiteElo "2409"]
[BlackElo "2223"]
[PlyCount "79"]
[EventDate "2014.??.??"]

1. d4 Nf6 2. Nf3 g6 3. Bg5 Bg7 4. Nbd2 O-O 5. c3 d6 6. e4 c5 7. d5 h6 8. Bh4 e6
9. dxe6 Bxe6 10. Be2 Nc6 11. O-O Re8 12. Re1 a6 13. a4 Na5 14. Rb1 Qb6 15. b4
cxb4 16. cxb4 Nc6 17. Nc4 Bxc4 18. Bxc4 g5 19. Bg3 Rxe4 20. Rxe4 Nxe4 21. Qd5
Nxg3 22. Qxf7+ Kh8 23. hxg3 Rf8 24. Qg6 Rf6 25. Qe4 Ne5 26. Nxe5 dxe5 27. Bd3
Kg8 28. b5 Qd4 29. Qh7+ Kf8 30. bxa6 Qxf2+ 31. Kh2 Rf3 32. Qf5+ Rxf5 33. axb7
Kg8 34. Bxf5 Qxf5 35. b8=Q+ Kh7 36. a5 e4 37. a6 Qf7 38. Qd6 e3 39. Qd3+ Kg8
40. Qxe3 1-0

[Event "Bay Area International"]
[Site "?"]
[Date "2014.01.03"]
[Round "2"]
[White "Esserman, Marc"]
[Black "Macieja, Bartlomiej"]
[Result "0-1"]
[WhiteElo "2447"]
[BlackElo "2583"]
[PlyCount "76"]
[EventDate "2014.??.??"]

1. e4 c5 2. Nf3 Nc6 3. d4 cxd4 4. Nxd4 e6 5. Nc3 Qc7 6. g3 a6 7. Bg2 Nf6 8. O-O
Nxd4 9. Qxd4 Bc5 10. Bf4 d6 11. Qd2 h6 12. Rad1 e5 13. Be3 Be6 14. Bxc5 dxc5
15. Nd5 Bxd5 16. exd5 Qd6 17. f4 O-O 18. fxe5 Qxe5 19. c3 Qd6 20. Qf4 Rfd8 21.
Qxd6 Rxd6 22. Rfe1 Kf8 23. c4 a5 24. Rd3 Rb6 25. b3 Re8 26. Red1 Ke7 27. d6+
Kd8 28. Bf3 Re6 29. d7 Re7 30. Bg2 g6 31. Bh3 h5 32. R1d2 Rc6 33. Kg2 Rc7 34.
Kf1 Ne4 35. Re2 f5 36. Bg2 Rcxd7 37. Bxe4 Rxe4 38. Rxe4 fxe4 0-1

[Event "Bay Area International"]
[Site "?"]
[Date "2014.01.03"]
[Round "2"]
[White "Friedel, Josh"]
[Black "Cornejo, Max"]
[Result "1-0"]
[WhiteElo "2490"]
[BlackElo "2365"]
[PlyCount "127"]
[EventDate "2014.??.??"]

1. Nf3 Nf6 2. g3 d5 3. Bg2 c6 4. O-O Bg4 5. d3 Nbd7 6. h3 Bxf3 7. Bxf3 e5 8.
Nd2 Bd6 9. e4 O-O 10. exd5 Nxd5 11. c3 Qc7 12. Nc4 Bc5 13. Bg2 Rad8 14. Qc2 b5
15. Nd2 f5 16. d4 Bb6 17. a4 e4 18. Nb3 a6 19. c4 bxc4 20. Qxc4 Qb7 21. Bd2 Rc8
22. Rac1 c5 23. Na5 Bxa5 24. Bxa5 Kh8 25. Rfd1 N7b6 26. Qa2 c4 27. Bxb6 Qxb6
28. Rxc4 Nb4 29. Rxc8 Rxc8 30. Qf7 g6 31. Bf1 Qd6 32. d5 e3 33. Qe6 exf2+ 34.
Kg2 Rd8 35. Qxd6 Rxd6 36. Kxf2 Kg7 37. a5 Kf6 38. Bc4 Ke5 39. Re1+ Kd4 40. Re6
Kc5 41. h4 h6 42. b3 g5 43. h5 Nxd5 44. Rxd6 Kxd6 45. Bxa6 Kc7 46. Bc4 Nf6 47.
Bf7 Kc6 48. Ke3 Ne4 49. Kf3 Nd2+ 50. Ke3 Ne4 51. Kf3 Nd2+ 52. Kg2 f4 53. gxf4
gxf4 54. Be8+ Kc5 55. b4+ Kxb4 56. a6 Nc4 57. a7 Nb6 58. Kf3 Kc5 59. Kxf4 Kd6
60. Kf5 Ke7 61. Bc6 Kf7 62. Bd5+ Kg7 63. Ke6 Kh7 64. Bb7 1-0

[Event "Bay Area International"]
[Site "?"]
[Date "2014.01.03"]
[Round "2"]
[White "Haessel, Dale"]
[Black "Breckenridge, Steven"]
[Result "1-0"]
[WhiteElo "2211"]
[BlackElo "2342"]
[PlyCount "62"]
[EventDate "2014.??.??"]

1. Nf3 Nf6 2. c4 e6 3. Nc3 Bb4 4. Qc2 O-O 5. a3 Bxc3 6. Qxc3 b6 7. e3 Bb7 8.
Be2 Ne4 9. Qc2 f5 10. b4 a5 11. b5 a4 12. O-O Rf6 13. d3 Nc5 14. Nd2 e5 15. d4
Rg6 16. g3 exd4 17. exd4 Ne6 18. Bb2 f4 19. Bd3 Rh6 20. Rae1 Qg5 21. d5 Qh5 22.
h4 fxg3 23. fxg3 Qg4 24. Rf3 Rxh4 25. Re4 Qg5 26. Rxh4 h6 27. Ne4 Qe7 28. dxe6
dxe6 29. Rg4 e5 30. c5 bxc5 31. Bc4+ Kh8 1-0

[Event "Bay Area International"]
[Site "?"]
[Date "2014.01.03"]
[Round "2"]
[White "Ipatov, Alexander"]
[Black "Viswanadha, Kesav"]
[Result "1-0"]
[WhiteElo "2615"]
[BlackElo "2153"]
[PlyCount "61"]
[EventDate "2014.??.??"]

1. d4 Nf6 2. c4 e6 3. Nc3 Bb4 4. e3 O-O 5. Nge2 Re8 6. a3 Bf8 7. d5 d6 8. g3
exd5 9. cxd5 c5 10. Bg2 Na6 11. O-O Nc7 12. b4 b6 13. e4 Ba6 14. Re1 Bxe2 15.
Rxe2 Nd7 16. Rb1 g6 17. bxc5 bxc5 18. f4 Bg7 19. Qd3 Rb8 20. Rxb8 Qxb8 21. Bh3
Nb6 22. Bd2 c4 23. Qf3 Na6 24. f5 Qd8 25. Rf2 Bd4 26. Be3 Bxe3 27. Qxe3 Re5 28.
fxg6 hxg6 29. Be6 fxe6 30. Qh6 Rg5 31. dxe6 1-0

[Event "Bay Area International"]
[Site "?"]
[Date "2014.01.03"]
[Round "2"]
[White "Jue, Wang"]
[Black "Berczes, David"]
[Result "0-1"]
[WhiteElo "2396"]
[BlackElo "2519"]
[PlyCount "92"]
[EventDate "2014.??.??"]

1. e4 e5 2. Nf3 Nc6 3. Bb5 a6 4. Ba4 Nf6 5. O-O Be7 6. Re1 b5 7. Bb3 d6 8. c3
O-O 9. h3 Na5 10. Bc2 c5 11. d4 Nd7 12. d5 Nb6 13. Nbd2 g6 14. b4 Nb7 15. Nf1
Kg7 16. Qd2 a5 17. Qh6+ Kg8 18. bxc5 Nxc5 19. Ng5 Bxg5 20. Bxg5 f6 21. Bc1 Qc7
22. Rb1 Nca4 23. Rxb5 Nxc3 24. Rb3 a4 25. Ra3 Nb5 26. Rg3 Nd4 27. Bd1 f5 28.
Bb2 f4 29. Rc3 Qe7 30. Nd2 Bd7 31. Rc7 Nb5 32. Rb7 Rab8 33. Rxb8 Rxb8 34. Be2
a3 35. Ba1 Na4 36. Rb1 Qd8 37. Rb3 Nbc3 38. Bc4 Rxb3 39. Bxb3 Nb2 40. Kh2 Qf6
41. f3 Bb5 42. Bc2 Qe7 43. h4 Qa7 44. Qg5 Ne2 45. Qd8+ Kf7 46. Kh3 Bd7+ 0-1

[Event "Bay Area International"]
[Site "?"]
[Date "2014.01.03"]
[Round "2"]
[White "Kiewra, Keaton"]
[Black "Naroditsky, Daniel"]
[Result "1/2-1/2"]
[WhiteElo "2413"]
[BlackElo "2535"]
[PlyCount "152"]
[EventDate "2014.??.??"]

1. d4 Nf6 2. c4 e6 3. Nc3 Bb4 4. Qc2 O-O 5. a3 Bxc3+ 6. Qxc3 d6 7. Bg5 Nbd7 8.
e3 b6 9. Bd3 Bb7 10. f3 c5 11. Ne2 Rc8 12. b4 h6 13. Bh4 d5 14. dxc5 bxc5 15.
b5 Nb6 16. a4 dxc4 17. Bxc4 g5 18. Bg3 Nfd5 19. Bxd5 Nxd5 20. Qd2 Qf6 21. O-O
Rfd8 22. e4 Nf4 23. Qc2 Nd3 24. Qc3 Qe7 25. Bf2 Nxf2 26. Kxf2 f5 27. exf5 exf5
28. Rfe1 Qf7 29. Rad1 Bd5 30. Qe5 Rd7 31. Nc3 Rcd8 32. Nxd5 Rxd5 33. Rxd5 Rxd5
34. Qe8+ Qxe8 35. Rxe8+ Kf7 36. Ra8 Rd7 37. Rc8 Rd2+ 38. Kg3 Ra2 39. Rc7+ Ke6
40. Rxa7 c4 41. b6 c3 42. Rc7 f4+ 43. Kh3 Rxa4 44. Rxc3 Rb4 45. Rc6+ Kf5 46.
Rxh6 Rb3 47. Rc6 Rb5 48. g3 fxg3 49. hxg3 g4+ 50. fxg4+ Kg5 51. Kg2 Rb2+ 52.
Kh3 Rxb6 53. Rc5+ Kg6 54. Kh4 Ra6 55. Rg5+ Kh6 56. Rg8 Kh7 57. Rb8 Kg6 58. Rb4
Rc6 59. g5 Ra6 60. Rf4 Ra1 61. Rf6+ Kg7 62. Rb6 Re1 63. Kh5 Rh1+ 64. Kg4 Ra1
65. Rb8 Kg6 66. Rg8+ Kf7 67. Rh8 Kg6 68. Rf8 Ra4+ 69. Rf4 Ra1 70. Rf6+ Kg7 71.
Rc6 Rb1 72. g6 Rb4+ 73. Kg5 Rb5+ 74. Kh4 Rb4+ 75. g4 Rb5 76. g5 Rb1 1/2-1/2

[Event "Bay Area International"]
[Site "?"]
[Date "2014.01.03"]
[Round "2"]
[White "Lobo, Richard"]
[Black "Klotz-Burwell, Hunter"]
[Result "1-0"]
[WhiteElo "2242"]
[BlackElo "2006"]
[PlyCount "71"]
[EventDate "2014.??.??"]

1. c4 Nf6 2. Nf3 e6 3. Nc3 d5 4. e3 Be7 5. d4 O-O 6. Qc2 b6 7. cxd5 exd5 8. Be2
Bb7 9. O-O Nbd7 10. b3 Ne4 11. Bb2 Rc8 12. Rac1 c5 13. Qb1 Bd6 14. Rfd1 cxd4
15. Nxe4 dxe4 16. Nxd4 Be5 17. Rxc8 Qxc8 18. Nb5 Bb8 19. Nd6 Bxd6 20. Rxd6 Nc5
21. Qd1 Ba6 22. Qd4 f6 23. Bxa6 Qxa6 24. Qxc5 Qxa2 25. Qc2 Qa5 26. Qc4+ Kh8 27.
b4 Qf5 28. h3 h5 29. Qd5 Qg6 30. b5 Rc8 31. Rc6 Re8 32. Rc7 Rb8 33. Bd4 Qe8 34.
Rxa7 Rc8 35. g3 h4 36. g4 1-0

[Event "Bay Area International"]
[Site "?"]
[Date "2014.01.03"]
[Round "2"]
[White "Mackenzie, Dana"]
[Black "Piasetski, Leon"]
[Result "1/2-1/2"]
[WhiteElo "2068"]
[BlackElo "2289"]
[PlyCount "84"]
[EventDate "2014.??.??"]

1. d4 Nf6 2. c4 e6 3. Nc3 Bb4 4. Bf4 O-O 5. e3 d5 6. Bd3 dxc4 7. Bxc4 Nd5 8.
Nge2 Nxf4 9. Nxf4 c6 10. O-O Bd6 11. Qf3 Nd7 12. Ne4 Bc7 13. Nh5 Kh8 14. Rfd1
Qe7 15. Rac1 Nb6 16. Bb3 e5 17. Nc5 f5 18. dxe5 Bxe5 19. Nd3 Bd6 20. Rd2 Bd7
21. Rcd1 g6 22. Ndf4 Be5 23. Ng3 Rad8 24. Qe2 Bc8 25. Rxd8 Rxd8 26. Rxd8+ Qxd8
27. Nd3 Bd6 28. Qc2 Qf6 29. Ne2 Be6 30. Bxe6 Qxe6 31. Qc3+ Kg8 32. b3 Nd5 33.
Qd4 b6 34. Nef4 Nxf4 35. Nxf4 Qe5 36. Qc4+ Kg7 37. g3 c5 38. Qa4 Qe7 39. Qc6
Bxf4 40. gxf4 Kh6 41. Kf1 Qg7 42. Kg2 Qb2 1/2-1/2

[Event "Bay Area International"]
[Site "?"]
[Date "2014.01.03"]
[Round "2"]
[White "Odondo, Ganbold"]
[Black "Beilin, Allan"]
[Result "1/2-1/2"]
[WhiteElo "2335"]
[BlackElo "2054"]
[PlyCount "40"]
[EventDate "2014.??.??"]

1. e4 c5 2. Nf3 e6 3. c4 Nc6 4. Nc3 Nf6 5. Be2 d5 6. cxd5 exd5 7. exd5 Nxd5 8.
O-O Be7 9. d4 cxd4 10. Nxd4 Nxc3 11. bxc3 O-O 12. Nxc6 bxc6 13. Bf3 Ba6 14. Re1
Qxd1 15. Rxd1 Bf6 16. Bxc6 Bxc3 17. Bxa8 Bxa1 18. Be4 Bf6 19. Be3 Bc4 20. Bxa7
Bxa2 1/2-1/2

[Event "Bay Area International"]
[Site "?"]
[Date "2014.01.03"]
[Round "2"]
[White "Roiz, Michael"]
[Black "Gurevich, Daniel"]
[Result "1/2-1/2"]
[WhiteElo "2614"]
[BlackElo "2272"]
[PlyCount "89"]
[EventDate "2014.??.??"]

1. Nf3 g6 2. d4 Nf6 3. g3 Bg7 4. Bg2 O-O 5. O-O d6 6. Nc3 Bg4 7. h3 Bxf3 8.
Bxf3 d5 9. e4 dxe4 10. Nxe4 Nxe4 11. Bxe4 c6 12. c3 Nd7 13. Bg2 Nf6 14. Qe2 Re8
15. Rd1 Qa5 16. Bf4 Rad8 17. c4 e5 18. dxe5 Nh5 19. Bd2 Qc5 20. Qe3 Rd4 21. Qb3
Red8 22. Be3 Nxg3 23. Rxd4 Ne2+ 24. Kh1 Nxd4 25. Qxb7 Qxc4 26. Qc7 Ne6 27. Qxc6
Qb4 28. Qc3 Qxc3 29. bxc3 Bxe5 30. Rc1 Bf4 31. c4 Bxe3 32. fxe3 Nc5 33. Bd5 Kg7
34. Rb1 Rd7 35. Kg2 f5 36. Rb8 Rc7 37. Kf3 Kf6 38. Re8 Kg5 39. Kg3 Kf6 40. h4
Nd3 41. Re6+ Kg7 42. h5 Kh6 43. hxg6 hxg6 44. Kh4 Nc5 45. Rd6 1/2-1/2

[Event "Bay Area International"]
[Site "?"]
[Date "2014.01.03"]
[Round "2"]
[White "Ruiz, Joshua"]
[Black "Vovsha, Eli"]
[Result "1-0"]
[WhiteElo "2374"]
[BlackElo "2483"]
[PlyCount "73"]
[EventDate "2014.??.??"]

1. e4 c5 2. Nf3 d6 3. d4 cxd4 4. Nxd4 Nf6 5. Nc3 a6 6. Bg5 e6 7. f4 Qc7 8. Qf3
b5 9. Bxf6 gxf6 10. a3 Nc6 11. Nxc6 Qxc6 12. f5 Ra7 13. O-O-O Rc7 14. Be2 Qc5
15. Rhf1 Be7 16. Qh3 Qe5 17. Qh6 Bf8 18. Qh4 Kd8 19. Kb1 h5 20. Bxh5 Bd7 21. g4
Be7 22. Qf2 Rc5 23. h4 Rh7 24. Rfe1 a5 25. Ne2 Rc4 26. Qb6+ Kc8 27. Qxa5 Rxe4
28. Nc1 Kb7 29. Nd3 Rxe1 30. Rxe1 Qd5 31. Nb4 Qc5 32. Bxf7 Rxf7 33. fxe6 Bxe6
34. Rxe6 f5 35. gxf5 Bxh4 36. Re8 Qa7 37. Qxb5+ 1-0

[Event "Bay Area International"]
[Site "?"]
[Date "2014.01.03"]
[Round "2"]
[White "Shankland, Sam"]
[Black "Rui, Gao"]
[Result "0-1"]
[WhiteElo "2602"]
[BlackElo "2454"]
[PlyCount "58"]
[EventDate "2014.??.??"]

1. d4 Nf6 2. c4 c5 3. d5 e6 4. Nc3 exd5 5. cxd5 d6 6. Nf3 g6 7. Nd2 Bg7 8. e4
O-O 9. Be2 Na6 10. O-O Nc7 11. a4 Re8 12. Re1 b6 13. f4 Ba6 14. Bf3 Bd3 15. Nf1
c4 16. Ng3 h5 17. Bd2 Rb8 18. Nh1 Nd7 19. Nf2 Nc5 20. Rc1 b5 21. Be3 b4 22.
Bxc5 bxc3 23. bxc3 dxc5 24. Nxd3 cxd3 25. Qxd3 Rb2 26. g3 c4 27. Qd1 Nb5 28.
Re3 Qb6 29. Qe1 Bxc3 0-1

[Event "Bay Area International"]
[Site "?"]
[Date "2014.01.03"]
[Round "2"]
[White "Shen, Victor"]
[Black "Taghizadeh, Rayan"]
[Result "1-0"]
[WhiteElo "2424"]
[BlackElo "1967"]
[PlyCount "149"]
[EventDate "2014.??.??"]

1. Nf3 Nf6 2. c4 e6 3. Nc3 b6 4. d4 Bb4 5. Bg5 Bb7 6. e3 O-O 7. Bd3 Be7 8. O-O
h6 9. Bh4 d6 10. Re1 Nbd7 11. a3 Nh5 12. Bxe7 Qxe7 13. e4 Nf4 14. Bf1 c5 15. g3
Ng6 16. Bg2 a6 17. Rc1 Rac8 18. b3 Rfd8 19. h4 cxd4 20. Nxd4 Nc5 21. f4 Qf8 22.
Bh3 Ne7 23. b4 Nd7 24. Na4 Nc6 25. Nxe6 fxe6 26. Bxe6+ Kh8 27. Bxd7 Rxd7 28.
Nxb6 Qd8 29. Nxd7 Qxd7 30. Kh2 Re8 31. c5 Re6 32. Rc2 d5 33. Rd2 d4 34. a4 Bc8
35. f5 Re8 36. Kg2 Qb7 37. Qb1 Ne5 38. b5 axb5 39. axb5 d3 40. c6 Qb6 41. Qb3
Qa5 42. Red1 Qb6 43. Rxd3 Nxd3 44. Qxd3 Qc5 45. Rd2 Qb4 46. Re2 Qa5 47. Rd2 Qb4
48. Ra2 Kh7 49. Kf3 Qe1 50. b6 Ba6 51. Rxa6 Qh1+ 52. Kf4 Qc1+ 53. Kg4 h5+ 54.
Kxh5 Qxc6 55. b7 Qxb7 56. Re6 Qf7+ 57. Kg4 Rxe6 58. fxe6 Qxe6+ 59. Kf3 Qf6+ 60.
Kg2 Qb2+ 61. Kh3 Qc1 62. e5+ Kh8 63. e6 Qe1 64. Qf5 Kg8 65. Qf7+ Kh7 66. Qh5+
Kg8 67. Qd5 Kh8 68. Kg4 Qe2+ 69. Kg5 Qe3+ 70. Kg6 Qxg3+ 71. Kf7 Qf4+ 72. Ke8
Qa4+ 73. Kd8 Qxh4+ 74. e7 Qf6 75. Kd7 1-0

[Event "Bay Area International"]
[Site "?"]
[Date "2014.01.03"]
[Round "2"]
[White "Studen, Damir"]
[Black "Hendrickson, Nolan"]
[Result "1/2-1/2"]
[WhiteElo "2285"]
[BlackElo "2145"]
[PlyCount "79"]
[EventDate "2014.??.??"]

1. d4 d5 2. c4 c6 3. Nc3 Nf6 4. e3 g6 5. Nf3 Bg7 6. Be2 O-O 7. O-O a6 8. cxd5
cxd5 9. Ne5 e6 10. b4 Nfd7 11. f4 Nxe5 12. fxe5 Bd7 13. a4 Nc6 14. Ba3 f6 15.
b5 Ne7 16. exf6 Rxf6 17. Rxf6 Bxf6 18. bxa6 bxa6 19. Bc5 Nf5 20. Qd3 Be7 21.
Bxe7 Qxe7 22. Bf3 Rc8 23. Bg4 Qb4 24. Ne2 Qb2 25. Rb1 Qc2 26. Bxf5 gxf5 27.
Qxc2 Rxc2 28. Nf4 Bxa4 29. Nxe6 Bb5 30. Nf4 Bc4 31. Rb8+ Kf7 32. Rb7+ Kg8 33.
h4 a5 34. Ra7 Ra2 35. h5 h6 36. Ng6 a4 37. Ne7+ Kh8 38. Ng6+ Kg8 39. Ne7+ Kh8
40. Ng6+ 1/2-1/2

[Event "Bay Area International"]
[Site "?"]
[Date "2014.01.03"]
[Round "2"]
[White "Vibbert, Sean"]
[Black "Gorovets, Andrey"]
[Result "0-1"]
[WhiteElo "2333"]
[BlackElo "2494"]
[PlyCount "120"]
[EventDate "1.??.??"]

1. e4 e6 2. d4 d5 3. Nc3 Bb4 4. Nge2 Nf6 5. a3 Bxc3+ 6. Nxc3 Nxe4 7. Nxe4 dxe4
8. Qg4 Qxd4 9. c3 Qf6 10. Qxe4 Qg6 11. Qf3 Nc6 12. h4 e5 13. h5 Qf5 14. Qe3 h6
15. Bd3 Qf6 16. O-O Bf5 17. Bb5 O-O 18. Bxc6 bxc6 19. f4 e4 20. Qg3 Rfd8 21.
Be3 Rd3 22. Qf2 Qe6 23. Rfe1 a6 24. Bd4 Bg4 25. Re3 Rxe3 26. Qxe3 Bxh5 27. Re1
Re8 28. Qg3 Bg4 29. Be5 Qf5 30. Qe3 Re6 31. Bxc7 Bf3 32. Kf2 Qg4 33. Rg1 Qh4+
34. Kf1 Bg4 35. Be5 Qh5 36. Ke1 f6 37. Bd4 Qb5 38. b4 Qa4 39. Qc1 Qb3 40. Kf2
Qa2+ 41. Kg3 f5 42. Rf1 Qc4 43. Re1 Rg6 44. Kh2 Bf3 45. Rg1 Qe2 46. Qf1 Rxg2+
47. Qxg2 Bxg2 48. Rxg2 Qh5+ 49. Kg1 g6 50. a4 Kf7 51. a5 Qd1+ 52. Kh2 Qf3 53.
Rf2 Qh5+ 54. Kg2 Qd1 55. Kh2 Ke6 56. Be3 Qd3 57. Bd4 g5 58. Kg2 g4 59. Kg1 g3
60. Rf1 Qe2 0-1

[Event "Bay Area International"]
[Site "?"]
[Date "2014.01.03"]
[Round "2"]
[White "Wang, Michael"]
[Black "Santarius, Erik"]
[Result "0-1"]
[WhiteElo "2040"]
[BlackElo "2343"]
[PlyCount "90"]
[EventDate "2014.??.??"]

1. e4 c5 2. Nf3 Nc6 3. d4 cxd4 4. Nxd4 Nf6 5. Nc3 d6 6. Bg5 Bd7 7. Qd2 Rc8 8.
f4 Qb6 9. Nb3 h6 10. Bh4 g5 11. fxg5 hxg5 12. Bxg5 Ng4 13. Nd5 Qd8 14. O-O-O f6
15. Bf4 e6 16. Ne3 e5 17. Nxg4 Bxg4 18. Be3 Bxd1 19. Kxd1 Qd7 20. Be2 Rd8 21.
c4 f5 22. exf5 Qxf5 23. Rf1 Qg6 24. h3 Bh6 25. Bd3 Qg7 26. Qc2 Bxe3 27. Bg6+
Ke7 28. Rf7+ Qxf7 29. Bxf7 Kxf7 30. Ke2 Nd4+ 31. Nxd4 Bxd4 32. Qe4 b6 33. b3
Ke7 34. Qf5 Rhf8 35. Qg5+ Rf6 36. Qg7+ Rf7 37. Qg5+ Kd7 38. Kd3 Bc5 39. Qg6
Rdf8 40. Qg4+ Kc7 41. h4 Rf4 42. Qg7+ R8f7 43. Qg8 e4+ 44. Kc3 Rf8 45. Qg7+
R4f7 0-1

[Event "Bay Area International"]
[Site "?"]
[Date "2014.01.03"]
[Round "3"]
[White "Anderson, Michael"]
[Black "Odondo, Ganbold"]
[Result "0-1"]
[WhiteElo "1886"]
[BlackElo "2335"]
[PlyCount "60"]
[EventDate "2014.??.??"]

1. e4 e5 2. Nf3 Nc6 3. d4 exd4 4. Nxd4 Nf6 5. Nxc6 bxc6 6. e5 Qe7 7. Qe2 Nd5 8.
c4 Nb6 9. Nc3 a5 10. b3 a4 11. Bb2 Qb4 12. Qc2 axb3 13. axb3 Rxa1+ 14. Bxa1 Qa5
15. Bb2 Qxe5+ 16. Be2 Bb4 17. O-O Qe7 18. Bd3 h6 19. Ne2 Qf8 20. Nd4 Bb7 21.
Nf5 Rg8 22. Qe2+ Kd8 23. Qg4 f6 24. Qg6 Kc8 25. Nd4 Kb8 26. Nc2 Bd6 27. Re1 c5
28. Qh5 g6 29. Bxg6 Qg7 30. Re8+ Rxe8 0-1

[Event "Bay Area International"]
[Site "?"]
[Date "2014.01.03"]
[Round "3"]
[White "Beilin, Allan"]
[Black "Aleskerov, Faik"]
[Result "1/2-1/2"]
[WhiteElo "2054"]
[BlackElo "2331"]
[PlyCount "83"]
[EventDate "2014.??.??"]

1. c4 e5 2. Nc3 Nc6 3. g3 d6 4. Bg2 Be6 5. d3 Qd7 6. Nd5 Nge7 7. Bd2 Nd8 8. b4
c6 9. Nxe7 Bxe7 10. Qc2 O-O 11. h4 Rc8 12. Rc1 h6 13. Nf3 Re8 14. c5 Bg4 15.
Be3 Bf8 16. Nd2 Ne6 17. Bf3 Bxf3 18. Nxf3 f5 19. Qd2 f4 20. gxf4 exf4 21. Bxf4
dxc5 22. bxc5 Nxf4 23. Qxf4 Qxd3 24. O-O Rxe2 25. Ne5 Qe4 26. Qf7+ Kh7 27. Qd7
Rb8 28. Ng4 Kh8 29. Ne3 Qxh4 30. Rc4 Qe7 31. Qd3 Rxa2 32. Rg4 Ra5 33. Nf5 Qd8
34. Qg3 Rxc5 35. Rxg7 Qf6 36. Qxb8 Rxf5 37. Rg3 Qf7 38. Qxa7 Bc5 39. Qa1+ Rf6
40. Qc3 b6 41. Rg2 Kh7 42. Qd3+ 1/2-1/2

[Event "Bay Area International"]
[Site "?"]
[Date "2014.01.03"]
[Round "3"]
[White "Berczes, David"]
[Black "Margvelashvili, Giorgi"]
[Result "1/2-1/2"]
[WhiteElo "2519"]
[BlackElo "2555"]
[PlyCount "27"]
[EventDate "2014.??.??"]

1. Nf3 Nf6 2. c4 g6 3. Nc3 d5 4. cxd5 Nxd5 5. e4 Nxc3 6. dxc3 Qxd1+ 7. Kxd1 f6
8. Kc2 e5 9. Be3 Be6 10. Nd2 Nd7 11. Bc4 Bxc4 12. Nxc4 Bc5 13. Rhd1 Bxe3 14.
Nxe3 1/2-1/2

[Event "Bay Area International"]
[Site "?"]
[Date "2014.01.03"]
[Round "3"]
[White "Cao, Jason"]
[Black "Breckenridge, Steven"]
[Result "1/2-1/2"]
[WhiteElo "2151"]
[BlackElo "2342"]
[PlyCount "115"]
[EventDate "2014.??.??"]

1. d4 Nf6 2. c4 e6 3. Nf3 b6 4. g3 Ba6 5. Qc2 Bb7 6. Bg2 c5 7. d5 exd5 8. cxd5
Nxd5 9. O-O Be7 10. Qe4 Qc7 11. Nh4 Bc6 12. Nf5 g6 13. Nc3 gxf5 14. Nxd5 fxe4
15. Nxc7+ Kd8 16. Nxa8 Bxa8 17. f3 f5 18. fxe4 fxe4 19. Bf4 Na6 20. Rad1 Ke8
21. a3 Bc6 22. Bd6 Bxd6 23. Rxd6 Nc7 24. Rh6 Ne6 25. Rh4 d5 26. Rf6 Bd7 27. Rh5
Ke7 28. Rfh6 Kd6 29. Rxh7 Rxh7 30. Rxh7 Nd4 31. Kf2 Nc2 32. e3 d4 33. Rxd7+
Kxd7 34. exd4 e3+ 35. Ke2 cxd4 36. Bd5 Kd6 37. Bb3 d3+ 38. Kxd3 e2 39. Kxe2
Nd4+ 40. Kd3 Nxb3 41. h4 a6 42. h5 Ke5 43. h6 Nc5+ 44. Kc4 Ne4 45. h7 Nd6+ 46.
Kb4 Nf7 47. Kc4 Ke4 48. a4 Ne5+ 49. Kb4 Ng6 50. a5 b5 51. Kc5 Ke5 52. Kc6 Ke6
53. Kc7 Ke7 54. b4 Nh8 55. Kb6 Kd6 56. Kxa6 Kc6 57. Ka7 Kc7 58. Ka6 1/2-1/2

[Event "Bay Area International"]
[Site "?"]
[Date "2014.01.03"]
[Round "3"]
[White "Chevannes, Sabrina"]
[Black "Iyengar, Udit"]
[Result "1/2-1/2"]
[WhiteElo "2176"]
[BlackElo "2031"]
[PlyCount "92"]
[EventDate "2014.??.??"]

1. d4 d5 2. c4 e6 3. Nf3 Nf6 4. Nc3 Be7 5. cxd5 exd5 6. Qc2 O-O 7. Bg5 b6 8. e3
Be6 9. Bd3 h6 10. Bh4 c5 11. dxc5 bxc5 12. Rd1 Qa5 13. O-O Nc6 14. a3 Rfd8 15.
Bf5 d4 16. Bxe6 dxc3 17. Bc4 cxb2 18. Qxb2 Rab8 19. Qa2 Rf8 20. Bg3 Rbd8 21.
Rxd8 Qxd8 22. Qc2 Na5 23. Be2 c4 24. Ne5 Bxa3 25. Qa4 Bc5 26. Ra1 Bb6 27. Nxc4
Nxc4 28. Bxc4 Qe7 29. Qc2 Ne4 30. Bf4 Rd8 31. Rd1 Rxd1+ 32. Qxd1 Qf6 33. Qe1 a5
34. h3 a4 35. Bd5 Nc3 36. Bc4 a3 37. Qd2 Ba5 38. Qc2 Qc6 39. Bb3 Qb5 40. Bd6
Bb4 41. Qg6 Nd5 42. Qf5 Bxd6 43. Bxd5 Qe8 44. g3 Be5 45. Kg2 Bf6 46. Qc2 Qe7
1/2-1/2

[Event "Bay Area International"]
[Site "?"]
[Date "2014.01.03"]
[Round "3"]
[White "Cornejo, Max"]
[Black "Haessel, Dale"]
[Result "1-0"]
[WhiteElo "2365"]
[BlackElo "2211"]
[PlyCount "73"]
[EventDate "2014.??.??"]

1. e4 e5 2. Nf3 Nf6 3. Nxe5 d6 4. Nf3 Nxe4 5. d4 d5 6. Bd3 Bd6 7. O-O O-O 8. c4
c6 9. Re1 Re8 10. Nc3 Nxc3 11. bxc3 Rxe1+ 12. Qxe1 b6 13. Bg5 Qf8 14. Bh4 Ba6
15. Qb1 h6 16. cxd5 cxd5 17. Qf1 Bxd3 18. Qxd3 g5 19. Bg3 Bxg3 20. hxg3 Nc6 21.
Ne5 Rc8 22. Ng4 Qd6 23. Re1 Kg7 24. f4 gxf4 25. gxf4 Qxf4 26. Qh3 Rd8 27. Rf1
Qg5 28. Nxh6 Qxh6 29. Rxf7+ Kxf7 30. Qxh6 Ne7 31. Qf4+ Ke6 32. Qc7 Rd7 33. Qe5+
Kf7 34. g4 Rd8 35. g5 Rg8 36. c4 dxc4 37. d5 1-0

[Event "Bay Area International"]
[Site "?"]
[Date "2014.01.03"]
[Round "3"]
[White "Evans, Bela"]
[Black "Byambaa, Uyanga"]
[Result "0-1"]
[WhiteElo "2243"]
[BlackElo "2028"]
[PlyCount "110"]
[EventDate "2014.??.??"]

1. d4 Nf6 2. Nf3 g6 3. Nbd2 Bg7 4. e4 d6 5. c3 O-O 6. Bd3 c5 7. O-O cxd4 8.
cxd4 Nc6 9. Re1 a6 10. d5 Nb4 11. Bb1 a5 12. a3 Na6 13. Nb3 a4 14. Nbd4 Nc5 15.
h3 Qb6 16. Bc2 Bd7 17. Rb1 Rfc8 18. Bd2 Qd8 19. Bb4 Na6 20. Bc3 Nc5 21. Bd3 Qb6
22. Bb4 Nh5 23. Bc3 Nf4 24. Bf1 Nb3 25. Nxb3 axb3 26. Bxg7 Kxg7 27. Qd4+ Qxd4
28. Nxd4 e6 29. g3 e5 30. gxf4 exd4 31. Red1 Ra4 32. Rbc1 Rc2 33. Rxc2 bxc2 34.
Rc1 Bxh3 35. Bd3 Bg4 36. Rxc2 Bf3 37. Rc7 Ra8 38. Rc4 f5 39. Rxd4 Re8 40. exf5
Re1+ 41. Kh2 Rd1 42. fxg6 hxg6 43. a4 Kh6 44. f5 gxf5 45. Kg3 Be4 46. Rxe4 fxe4
47. Bxe4 Rd4 48. Kf4 Rxa4 49. Kf5 Kg7 50. b3 Rb4 51. Bc2 Kf7 52. Bd1 Rd4 53.
Bh5+ Ke7 54. f4 Rxd5+ 55. Kg6 Rd3 0-1